000
00316nam a22001337a 4500
008
171108b xxu||||| |||| 00| 0 eng d
020
_a
x00041rgrl
041
_a
eng
080
_2
13TH
_a
330.322
100
_a
64
101
_a
INV
245
_a
REAL ESTATE FINANCE AND INVESTMENTS
_c
BRUEGGEMAN,W.B
942
_2
udc
_c
BK
999
_c
38235
_d
38235